|
|
|
|
| LEADER |
00000nam a2200000 a 4500 |
| 001 |
vtls010505257 |
| 003 |
SK-MaSNL |
| 005 |
20260302012815.0 |
| 008 |
160430s2012 xo a n 000 0 slo |
| 015 |
|
|
|a SNBA2013/05
|
| 020 |
|
|
|a 9788055312194 (brož.)
|
| 035 |
|
|
|a 95036433-21D0-4123-B74F-5F3F4AD3FB01
|
| 035 |
|
|
|a urn:nbn:sk:snk-amjynm
|
| 035 |
|
|
|a urn:nbn:sk:snk-am0085jl
|
| 040 |
|
|
|a SNK
|b slo
|c SNK
|e AACR2
|
| 041 |
0 |
|
|a slo
|
| 044 |
|
|
|a xo
|c SK
|
| 072 |
|
7 |
|a 528
|x Geodézia. Kartografia
|2 konspekt
|
| 080 |
|
|
|a 528
|2 2001
|
| 080 |
|
|
|a (075.8)
|2 2001
|
| 245 |
0 |
0 |
|a Geodézia I
|c Janka Sabová ... [et al.]
|
| 250 |
|
|
|a 1. vyd.
|
| 260 |
|
|
|a V Košiciach
|b Technická univerzita, Fakulta baníctva, ekológie, riadenia a geotechnológií
|c 2012
|
| 300 |
|
|
|a 99 s.
|b fotogr., obr.
|c 29 cm
|
| 366 |
|
|
|e 100 výt.
|
| 504 |
|
|
|a Bibliogr.: s. 99
|
| 650 |
0 |
7 |
|a geodézia
|2 SNKPH
|9 819
|
| 650 |
0 |
7 |
|a Geodesy
|2 SNKPHeng
|9 267136
|
| 655 |
|
7 |
|a učebnice vysokých škôl
|2 SNKPH
|9 70191
|
| 655 |
|
7 |
|a Textbooks (higher)
|2 SNKPHeng
|9 276436
|
| 700 |
1 |
|
|a Sabová, Janka
|4 aut
|9 342493
|
| 700 |
1 |
|
|a Pukanská, Katarína,
|d 1974-
|4 aut
|9 223445
|
| 700 |
1 |
|
|a Rákay, Štefan
|4 aut
|9 655248
|
| 700 |
1 |
|
|a Černota, Pavel
|4 aut
|9 655249
|
| 752 |
|
|
|a Slovensko
|d Košice
|
| 919 |
|
|
|a 978-80-553-1219-4
|
| 958 |
|
|
|a NB
|
| 999 |
|
|
|c 1010759
|d 1012689
|
| 952 |
|
|
|a SNK
|b SNK
|y PREZ
|7 0
|p 17A1067948
|o snkSB 84869
|i snk2013/9114
|8 0
|0 0
|1 0
|4 0
|d 2013-04-22
|f 1
|l 0
|r 2025-05-07 00:00:00
|w 2026-02-24
|
| 952 |
|
|
|a SNK
|b SNK
|y VYP
|7 0
|p 17A1067958
|o snkSB 84869 D1
|i snk2013/9115
|8 0
|0 0
|1 0
|4 0
|d 2013-04-22
|l 0
|r 2016-06-30 00:00:00
|w 2026-02-24
|